| 000 | 00687nam a22002177a 4500 | ||
|---|---|---|---|
| 999 |
_c3863 _d3863 |
||
| 003 | AR-CdUCM | ||
| 008 | 190307b ||||| |||| 00| 0 spa d | ||
| 040 |
_aMUNICIPALIDAD PROVINCIAL DEL CUSCO _cBIBLIOTECA MUNICIPAL DEL CUSCO |
||
| 082 |
_a868.8 / _bQ27 |
||
| 100 |
_aEca de Queiroz, José Maria _912415 |
||
| 245 | _aLa Canción del Sufrimiento / | ||
| 260 |
_aMadrid : _c1919. |
||
| 300 |
_a72 páginas ; _c17cm |
||
| 440 |
_aColección Divulgación Literaria _nVI _912416 |
||
| 505 | _aContenido: Novela | ||
| 650 |
_aLiteratura portuguesa _912417 |
||
| 650 |
_aLiteratura realista _912418 |
||
| 700 |
_aBlanco, G. (traducción) _912419 |
||
| 942 |
_2ddc _cLIBROS |
||
| 945 | _anom | ||